(Record no. 185975)
[ view plain ]
| 000 -CABECERA | |
|---|---|
| campo de control de longitud fija | 00928nam a2200205Ia 4500 |
| 001 - NÚMERO DE CONTROL | |
| campo de control | IA_It also did sensitivity analysis demonstrates that the project is not very susceptible to higher inputs and lower selling prices, so you can determine that the project is technically and economically feasible. |
| 008 - DATOS DE LONGITUD FIJA--INFORMACIÓN GENERAL | |
| campo de control de longitud fija | 220117s xx 000 0 und d |
| 010 ## - NÚMERO DE CONTROL DE LA BIBLIOTECA DEL CONGRESO | |
| Número de control de LC | 185975 |
| 530 ## - NOTA DE FORMATO FÍSICO ADICIONAL DISPONIBLE | |
| Nota de formato físico adicional disponible | Disponible en PDF |
| 650 #0 - PUNTO DE ACCESO ADICIONAL DE MATERIA--TÉRMINO DE MATERIA | |
| Término de materia o nombre geográfico como elemento de entrada | Entrepreneurship |
| Subdivisión geográfica | Mexico |
| -- | Veracruz |
| 9 (RLIN) | 148698 |
| 650 #0 - PUNTO DE ACCESO ADICIONAL DE MATERIA--TÉRMINO DE MATERIA | |
| Término de materia o nombre geográfico como elemento de entrada | Iniciativa empresarial |
| Subdivisión geográfica | México |
| -- | Veracruz |
| 9 (RLIN) | 148532 |
| 650 ## - PUNTO DE ACCESO ADICIONAL DE MATERIA--TÉRMINO DE MATERIA | |
| Término de materia o nombre geográfico como elemento de entrada | Lemons |
| Subdivisión general | Packaging |
| 9 (RLIN) | 160869 |
| 650 ## - PUNTO DE ACCESO ADICIONAL DE MATERIA--TÉRMINO DE MATERIA | |
| Término de materia o nombre geográfico como elemento de entrada | Limones |
| Subdivisión general | Envasado |
| 9 (RLIN) | 160870 |
| 700 ## - PUNTO DE ACCESO ADICIONAL--NOMBRE DE PERSONA | |
| Nombre de persona | Covarrubias Gutíerrez, Ignacio, asesor |
| 9 (RLIN) | 163765 |
| 700 ## - PUNTO DE ACCESO ADICIONAL--NOMBRE DE PERSONA | |
| Nombre de persona | García Chávez, Luis Ramiro, asesor |
| 9 (RLIN) | 163729 |
| 700 1# - PUNTO DE ACCESO ADICIONAL--NOMBRE DE PERSONA | |
| Nombre de persona | Ponce Hernández, Pedro |
| 9 (RLIN) | 147918 |
| 942 ## - ELEMENTOS DE PUNTO DE ACCESO ADICIONAL (KOHA) | |
| Tipo de ítem Koha | |
No items available.
